/ احکام عا لمگیری (Record no. 106013)

MARC details
000 -LEADER
fixed length control field 00912nam a22002657a 4500
005 - DATE AND TIME OF LATEST TRANSACTION
control field 20170706143723.0
008 - FIXED-LENGTH DATA ELEMENTS--GENERAL INFORMATION
fixed length control field 170602b xxu||||| |||| 00| 0 Urd d
010 ## - LCCN (DPL NO)
LC control number B-122739
020 ## - INTERNATIONAL STANDARD BOOK NUMBER
Terms of availability 100.00
International Standard Book Number 8183140157
035 ## - SYSTEM CONTROL NUMBER
System control number B-122739
037 ## - SOURCE OF ACQUISITION
Source of stock number/acquisition Cen Lib/Ret
040 ## - CATALOGING SOURCE
Original cataloging agency DPL
Language of cataloging UR
082 ## - DEWEY DECIMAL CLASSIFICATION NUMBER
Classification number 954.022
Item number ح م ی
100 ## - MAIN ENTRY--PERSONAL NAME
Personal name حمید ا لد ان خا ن
9 (RLIN) 14217
245 ## - TITLE STATEMENT
Title / احکام عا لمگیری
Statement of responsibility, etc حمید ا لد ان خا ن
246 ## - VARYING FORM OF TITLE
Title proper/short title Ahkame Alam Geeri
Remainder of title by Hamiruddin Khan
260 ## - PUBLICATION, DISTRIBUTION, ETC. (IMPRINT)
Place of publication, distribution, etc نیودہلی
Name of publisher, distributor, etc مکتبا الھسانات
Date of publication, distribution, etc 1993
270 ## - ADDRESS
Address مکتبا الھسانات
City نیودہلی
Postal code 110002
300 ## - PHYSICAL DESCRIPTION
Extent 185p.
Other physical details 21cm(Hb)
650 ## - SUBJECT ADDED ENTRY--TOPICAL TERM
Topical term or geographic name as entry element ہندستنی تارخ
9 (RLIN) 530
650 ## - SUBJECT ADDED ENTRY--TOPICAL TERM
Topical term or geographic name as entry element اتیھس مغل کالن
9 (RLIN) 112108
650 ## - SUBJECT ADDED ENTRY--TOPICAL TERM
Topical term or geographic name as entry element Indian History
9 (RLIN) 142494
650 ## - SUBJECT ADDED ENTRY--TOPICAL TERM
Topical term or geographic name as entry element History of Mughal Periad
9 (RLIN) 142495
942 ## - ADDED ENTRY ELEMENTS (KOHA)
Source of classification or shelving scheme Dewey Decimal Classification
Item type Urdu Bks
Classification part 954.022
Call number suffix ح م ی
Holdings
Withdrawn status Lost status Damaged status Not for loan Collection code Home library Current library Date acquired Source of acquisition Cost, normal purchase price Total Checkouts Full call number Barcode Date last seen Copy number Cost, replacement price Koha item type
      Not For Loan Reference Central Library Central Library 26/05/2015 Cen Lib/Ret 100.00   954.022 ح م ی B-122739 26/05/2015 2 100.00 Urdu Bks
      Not For Loan Reference Central Library Central Library 29/03/2016 Cen Lib/Ref 100.00   954.022 ح م ی B-122738 29/03/2016 1 100.00 Urdu Bks

© Delhi Public Library
Hit Counter
free hit counter